[Event "Paris-ch blitz"]
[Site "Paris"]
[Date "2011.??.??"]
[Round "11"]
[White "Corbet, Laurent"]
[Black "Shchekachev, Andrei"]
[Result "0-1"]
[WhiteElo "2291"]
[BlackElo "2535"]
[PlyCount "73"]
[EventDate "2011.01.30"]
[EventType "swiss (blitz)"]
[EventRounds "13"]
[EventCountry "FRA"]
[SourceTitle "EXT 2012"]
[Source "ChessBase"]
[SourceDate "2011.11.24"]
[SourceVersion "1"]
[SourceVersionDate "2011.11.24"]
[SourceQuality "1"]

1. Nc3 c5 2. e4 d6 3. g3 Nc6 4. Bg2 g6 5. d3 Bg7 6. Be3 b5 7. Qd2 b4 8. Nd1 Bb7 9. h4 h5 10. Nh3 Nf6 11. f3 a5 12. 0-0 Qc7 13. Ng5 0-0 14. Kh2 Rab8 15. Nf2 Ne5 16. Rab1 Rfc8 17. Bh3 Rd8 18. f4 Nc6 19. g4 Bc8 20. f5 hxg4 21. Nxg4 Nh5 22. Qf2 d5+ 23. Kg2 gxf5 24. Nh2 Nd4 25. Bxd4 Bxd4 26. Qf3 Ng7 27. Ng4 Rb6 28. h5 dxe4 29. dxe4 Bf6 30. Nxf6+ exf6 31. h6 fxg5 32. hxg7 Rd2+ 33. Rf2 g4 34. Bxg4 Rxf2+ 35. Qxf2 fxg4 36. Rh1 Qe5 37. Qe3 0-1

[Event "Avoine op 14th"]
[Site "Avoine"]
[Date "1999.??.??"]
[Round "4"]
[White "Huguet, Bernard"]
[Black "Corbet, Laurent"]
[Result "1-0"]
[WhiteElo "2127"]
[BlackElo "2248"]
[PlyCount "57"]
[EventDate "1999.07.??"]
[EventType "swiss"]
[EventRounds "9"]
[EventCountry "FRA"]
[SourceTitle "EXT 2000"]
[Source "ChessBase"]
[SourceDate "1999.11.16"]
[SourceVersion "1"]
[SourceVersionDate "1999.11.16"]
[SourceQuality "1"]

1. c4 f5 2. d4 Nf6 3. Nc3 g6 4. g3 Bg7 5. Bg2 0-0 6. Nf3 d6 7. 0-0 Nc6 8. b3 a6 9. Bb2 Rb8 10. d5 Na5 11. Nd4 Bd7 12. Qd2 c5 13. dxc6 bxc6 14. Rab1 Ng4 15. Nf3 Nb7 16. Na4 Nf6 17. Rbd1 c5 18. Nc3 Bc6 19. Ng5 Bxg2 20. Kxg2 Bh6 21. h4 e5 22. e3 Qe8 23. Qe2 e4 24. Qd2 Ng4 25. Qd5+ Kh8 26. Ncxe4+ Ne5 27. Nxd6 Nxd6 28. Qxd6 Bg7 29. Ne6 1-0

[Event "Saint Affrique op 06th"]
[Site "Saint Affrique"]
[Date "1998.??.??"]
[Round "5"]
[White "Corbet, Laurent"]
[Black "Sarthou, Gaetan"]
[Result "0-1"]
[WhiteElo "2155"]
[BlackElo "2305"]
[PlyCount "80"]
[EventDate "1998.07.??"]
[EventType "swiss"]
[EventRounds "7"]
[EventCountry "FRA"]
[SourceTitle "EXT 2000"]
[Source "ChessBase"]
[SourceDate "1999.11.16"]
[SourceVersion "1"]
[SourceVersionDate "1999.11.16"]
[SourceQuality "1"]

1. e4 e5 2. Bc4 Nf6 3. d3 c6 4. Nf3 Be7 5. 0-0 d6 6. Nbd2 0-0 7. a4 a5 8. c3 h6 9. Re1 g6 10. h3 Kg7 11. Nf1 Nbd7 12. Be3 Rh8 13. Qb3 Qe8 14. Ng3 Bd8 15. d4 Bc7 16. Rad1 Qe7 17. Nh2 Nf8 18. f4 Ne6 19. f5 Nf8 20. fxg6 fxg6 21. Rf1 N8h7 22. Rde1 Rb8 23. Qc2 Be6 24. Bd3 Ng5 25. Nf3 Nfh7 26. c4 Rbf8 27. Nxg5 Nxg5 28. Kh2 Nf7 29. d5 Bd7 30. b3 c5 31. Rf2 Nd8 32. Ref1 Rxf2 33. Qxf2 Nf7 34. Kg1 Bd8 35. h4 h5 36. Ne2 Rf8 37. g3 Bh3 38. Re1 Qd7 39. Nc3 Ng5 40. Qe2 Bg4 0-1

[Event "Saint Affrique op 06th"]
[Site "Saint Affrique"]
[Date "1998.??.??"]
[Round "4"]
[White "Fressinet, Laurent"]
[Black "Corbet, Laurent"]
[Result "1/2-1/2"]
[WhiteElo "2450"]
[BlackElo "2155"]
[PlyCount "87"]
[EventDate "1998.07.??"]
[EventType "swiss"]
[EventRounds "7"]
[EventCountry "FRA"]
[SourceTitle "EXT 2000"]
[Source "ChessBase"]
[SourceDate "1999.11.16"]
[SourceVersion "1"]
[SourceVersionDate "1999.11.16"]
[SourceQuality "1"]

1. e4 e5 2. Nf3 d6 3. d4 exd4 4. Nxd4 g6 5. Nc3 Bg7 6. Be3 Nf6 7. f3 0-0 8. Qd2 Nc6 9. 0-0-0 Nxd4 10. Bxd4 Be6 11. Kb1 c5 12. Be3 Qa5 13. Nd5 Qa4 14. Nc3 Qa5 15. a3 Rfd8 16. Bg5 c4 17. Bxf6 Bxf6 18. Nd5 Qxd2 19. Nxf6+ Kg7 20. Nh5+ gxh5 21. Rxd2 d5 22. e5 d4 23. f4 d3 24. cxd3 cxd3 25. Bxd3 Rd4 26. Rhd1 Rad8 27. Kc1 Rxf4 28. Be2 Rxd2 29. Rxd2 b6 30. Bxh5 Rh4 31. Bf3 Rxh2 32. Kc2 h5 33. Kc3 Rh4 34. b3 Kg6 35. Rd8 Rf4 36. Rg8+ Kf5 37. Bxh5 Kxe5 38. Ra8 a5 39. Rb8 Rf2 40. Bf3 Bf5 41. b4 Ra2 42. Rxb6 Rxa3+ 43. Kb2 axb4 44. Rb5+ 1/2-1/2

[Event "NATO-ch"]
[Site "Gausdal"]
[Date "1995.??.??"]
[Round "1"]
[White "Corbet, Laurent"]
[Black "Heisel, Guido"]
[Result "1-0"]
[WhiteElo "2030"]
[BlackElo "2230"]
[PlyCount "85"]
[EventDate "1995.08.??"]
[EventType "swiss"]
[EventRounds "9"]
[EventCountry "NOR"]
[SourceTitle "EXT 2008"]
[Source "ChessBase"]
[SourceDate "2007.11.25"]
[SourceVersion "1"]
[SourceVersionDate "2007.11.25"]
[SourceQuality "1"]

1. e4 Nf6 2. e5 Nd5 3. d4 d6 4. Nf3 Bg4 5. Be2 c6 6. Ng5 Bf5 7. Bg4 Bxg4 8. Qxg4 dxe5 9. dxe5 e6 10. 0-0 Nd7 11. c4 Ne7 12. Nf3 Qc7 13. Re1 Ng6 14. Nc3 Bb4 15. Bd2 0-0-0 16. a3 Ndxe5 17. Nxe5 Nxe5 18. Qe2 Bxc3 19. Bxc3 Ng6 20. Bxg7 Rhg8 21. Bh6 Nh4 22. g3 Nf5 23. Be3 c5 24. b4 h5 25. Qxh5 Rh8 26. Qf3 Rdg8 27. Bf4 Nd4 28. Qe4 f5 29. Qxd4 cxd4 30. Bxc7 Kxc7 31. Rxe6 Rd8 32. Rd1 Rd7 33. Re5 f4 34. Rd5 Rdh7 35. R1xd4 fxg3 36. hxg3 Rh1+ 37. Kg2 R1h2+ 38. Kf1 Rh1+ 39. Ke2 Ra1 40. Re4 Rh7 41. Rd3 Rf7 42. f4 Rh7 43. f5 1-0